000 00630nam a2200229Ia 4500
003 OSt
005 20220923230540.0
006 a|||||r|||| 00| 0
007 ta
008 Pun
024 _a283,084
037 _cTextual
040 _aARTS
_cARTS
_bPun
041 _2Pun
_aPun
082 _aO153,3NKU3,BW, M7
100 _aਕੁੱਸਾ, ਕਰਮਜੀਤ
_9156318
245 0 _aਬੁਰਕੇ ਵਾਲੇ ਲੁਟੇਰੇ
260 _c1987
650 _aਪੰਜਾਬੀ ਸਾਹਿਤ
942 _hO153,3NKU3,BW, M7
_cTEXL
_2CC
999 _c385627
_d385627